PHARMACEUTICAL CHEMISTRY (Record no. 1220721)

MARC details
000 -LEADER
fixed length control field 00376nam a2200145Ia 4500
008 - FIXED-LENGTH DATA ELEMENTS--GENERAL INFORMATION
fixed length control field 260417s2025 xx 000 0 und d
041 ## - LANGUAGE CODE
Language code of text/sound track or separate title eng
082 ## - DEWEY DECIMAL CLASSIFICATION NUMBER
Classification number 615.19/BIL
Item number DI-1410
100 ## - MAIN ENTRY--PERSONAL NAME
Personal name DR.AJAY BILANDI
245 ## - TITLE STATEMENT
Title PHARMACEUTICAL CHEMISTRY
250 ## - EDITION STATEMENT
Edition statement 5TH ed
260 ## - PUBLICATION, DISTRIBUTION, ETC.
Place of publication, distribution, etc. PUNE
Name of publisher, distributor, etc. 2025
-- NIRALI PRAKASHN
300 ## - PHYSICAL DESCRIPTION
Extent P.B/13.10p
650 ## - SUBJECT ADDED ENTRY--TOPICAL TERM
Topical term or geographic name entry element PHARMACEUTICAL CHEMISTRY
Holdings
Withdrawn status Lost status Damaged status Not for loan Home library Current library Date acquired Cost, normal purchase price Total Checkouts Full call number Barcode Date last seen Price effective from Koha item type
        College of Pharmacy, Kolhapur College of Pharmacy, Kolhapur 12/12/2025 350.00   DI-1410/615.19/BIL PCK-DI-1410 17/04/2026 17/04/2026 Book